000 01532nam a22001937a 4500
003 OSt
005 20260417063009.0
008 260416b |||||||| |||| 00| 0 eng d
040 _aDWC-Main lib.
_cOC
082 _aGR. 348.044 Su959
110 _aEDITORIAL STAFF OF THE CENTRAL LAWBOOK PUBLISHING CO., INC
245 _aSupreme Court reports :
_bannotated/
_cEDITORIAL STAFF OF THE CENTRAL LAWBOOK PUBLISHING CO., INC Responsibility EDITORIAL STAFF OF THE CENTRAL LAWBOOK PUBLISHING CO., INC
260 _aManila, Philippines :
_bCentral Lawbook Publishing Company, Inc.
300 _avarious paging :
_c23 cm.
501 _aVolume 251 to 260 Volume 261 to 270
504 _av.251 - December 7 to December 29, 1995 v.252 - January 18 to January 31, 1996 v.253 - February 1 to february 20, 1996 v.254 - February 21 to March 13, 1996 v.255 - March 14 to March 29, 1996 v.256 - April 1 to May 15, 1996 v.257 - May 16 to June 28, 1996 v.258 - July 3 to July 12, 1996 v.259 - July 15 to July 29, 1996 v.260 - July 30 to August 22, 1996 v.261- August 23 to September 16, 1996 v.262 - September 16 to October 4, 1996 v.263 - October 7 to October 30, 1996 v.264 - November 4 to November 27, 1996 v.265 - November 28 to December 27, 1996 v.266 - January 2 to January 27, 1997 v.267 - January 28 to February 7, 1997 v.268 - February 10 to February 27, 1997 v.269 - March 3 to March 14, 1997 v.270 - March 18 to April 4, 1997
650 _a1. Law reports, digests, etc.--- Philippines.
942 _2ddc
_cGR
_hGR.
_n0
999 _c9482
_d9482